| 000 | 00747nam a2200265Ia 4500 | ||
|---|---|---|---|
| 003 | OSt | ||
| 005 | 20220928123333.0 | ||
| 006 | a|||||r|||| 00| 0 | ||
| 007 | ta | ||
| 008 | 220927b |||||||| |||| 00| 0 eng d | ||
| 020 | _c7884.4205000000002 | ||
| 024 | _a119242 | ||
| 037 |
_b89, 28/08/2013, Classic Book Service _cTextual |
||
| 040 |
_aSDCL _cSDCL _beng |
||
| 041 |
_2eng _aeng |
||
| 082 | _aX:8F, Q3 | ||
| 100 | _aBragg Steven M | ||
| 245 | 0 | _aAccounting best practices. | |
| 250 | _a7th | ||
| 260 |
_aHoboken _bJohn Wiley & Sons _c2013 |
||
| 300 |
_axix;473p. _ccm. |
||
| 650 | _aFinancial Studies | ||
| 942 |
_hX:8F, Q3 _cTEXL _2CC |
||
| 999 |
_c774168 _d774168 |
||